Community and society: Gemeinschaft und Gesellschaft
Uloženo v:
| Hlavní autor: | |
|---|---|
| Médium: | Kniha |
| Jazyk: | angličtina |
| Vydáno: |
Nueva York
Harper Torchbooks
1963
|
| Témata: | |
| Tagy: |
Přidat tag
Žádné tagy, Buďte první, kdo vytvoří štítek k tomuto záznamu!
|
MARC
| LEADER | 00000nam a2200000 a 4500 | ||
|---|---|---|---|
| 001 | UCR1893 | ||
| 003 | CL-VaPUC | ||
| 008 | 971219e19630000US |||||||||||||||||eng|d | ||
| 082 | 0 | 4 | |a 307 |b TON |2 21 |
| 100 | 0 | |a Tonnies, Ferdinand |e author |9 399454 | |
| 245 | 1 | 0 | |a Community and society: Gemeinschaft und Gesellschaft |
| 300 | |a 298 p | ||
| 942 | |c BK | ||
| 945 | |d 19971219 00:00:00 |a rleighto | ||
| 260 | |a Nueva York |b Harper Torchbooks |c 1963 | ||
| 650 | 0 | |a Comunidades |9 337024 | |
| 650 | 0 | |a Sociología |9 255410 | |
| 650 | 0 | |a Organización social |9 357570 | |
| 650 | 0 | |a Grupos sociales |9 268887 | |
| 650 | 0 | |a Sociedad |9 307903 | |
| 583 | |a last modification |c 19971219 00:00:00 |k Rodrigo Vera | ||
| 999 | |c 265231 |d 265229 | ||
| 952 | |0 0 |1 2 |4 0 |6 307_000000000000000_TON_1963 |7 0 |8 A |9 296076 |a BIBGIM |b BIBGIM |d 2019-11-20 |i 3373878 |o 307 TON 1963 |p 3373878 |r 2019-11-20 |w 2019-11-20 |y BK |k GIM | ||